| 000 | 01684nam a2200265 u 4500 | ||
|---|---|---|---|
| 001 | 000581277 | ||
| 003 | AM-YeHGA | ||
| 005 | 20250617141226.0 | ||
| 008 | 080515s1988 ||| r 000 0 rus d | ||
| 040 | _aAM-YeHGA | ||
| 041 | 0 | _arus | |
| 245 | 0 | 0 |
_aКрутые дороги космоса : _bСборник документальных сценариев / _cСоюз кинематографистов СССР, Совет по теории и критике докум. и науч. кино; Сост. В.В. Красовский. |
| 260 |
_aМосква : _bИскусство, _c1988. |
||
| 300 |
_a168 с. : _bил. |
||
| 500 | _aПосвящается 30-летию космич. эры | ||
| 500 | _aФильмогр.: с. 167 | ||
| 505 | 0 | _aНаш Гагарин / Я. Голованов. Академик Сергей Павлович Королев / Е. Рябчиков, Командировка на орбиту / Г. Гречко, В. Капитановский. Космос дальних дорог / В. Иванов, П. Пелехов. Размышления после полета / Д. Богданов, В. Лебедев. Звездная пыль / В. Капитановский. Хлеб и Луна / А. Раппопорт. | |
| 600 | 1 | 4 | _aГагарин, Юрий Алексеевич |
| 600 | 1 | 4 | _aКоролев, Сергей Павлович |
| 653 | 0 | _aКосмонавтика в СССР | |
| 653 | 0 | _aКинофильмы документальные - Сценарии (х. л.) | |
| 700 | 1 |
_aКрасовский, В.В. _eсост. _4com |
|
| 710 | 2 | _aСоюз кинематографистов СССР | |
| 090 | _c236051 | ||
| 999 |
_c234489 _d234489 |
||